| 000 -LEADER |
| fixed length control field |
01861nam a2200313 a 4500 |
| 001 - CONTROL NUMBER |
| control field |
ASIN0080966039 |
| 003 - CONTROL NUMBER IDENTIFIER |
| control field |
OSt |
| 005 - DATE AND TIME OF LATEST TRANSACTION |
| control field |
20180116192423.0 |
| 008 - FIXED-LENGTH DATA ELEMENTS--GENERAL INFORMATION |
| fixed length control field |
140715s2011 xxu eng d |
| 020 ## - INTERNATIONAL STANDARD BOOK NUMBER |
| International Standard Book Number |
0080966039 (paperback) |
| Terms of availability |
$38.95 |
| 020 ## - INTERNATIONAL STANDARD BOOK NUMBER |
| International Standard Book Number |
9780080966038 (paperback) |
| 040 ## - CATALOGING SOURCE |
| Transcribing agency |
sada |
| 050 04 - LIBRARY OF CONGRESS CALL NUMBER |
| Classification number |
KD1140 |
| 082 04 - DEWEY DECIMAL CLASSIFICATION NUMBER |
| Classification number |
343.41 |
| 100 1# - MAIN ENTRY--PERSONAL NAME |
| Personal name |
Cousins, Matthew. |
| 9 (RLIN) |
7706 |
| 245 10 - TITLE STATEMENT |
| Title |
Architect's legal pocket book / |
| Statement of responsibility, etc. |
Matthew Cousins. |
| 250 ## - EDITION STATEMENT |
| Edition statement |
1st ed. |
| 260 ## - PUBLICATION, DISTRIBUTION, ETC. |
| Place of publication, distribution, etc. |
[S.l.] : |
| Name of publisher, distributor, etc. |
Routledge, |
| Date of publication, distribution, etc. |
2011. |
| 300 ## - PHYSICAL DESCRIPTION |
| Extent |
384 p. ; |
| Dimensions |
19 cm. |
| 520 ## - SUMMARY, ETC. |
| Summary, etc. |
A little book that’s big on information. The Architect’s Legal Pocket Book is the definitive pocket reference guide on legal issues for architects and architectural students. This handy pocket book provides key legal principles and the latest legal developments that will help you quickly understand the law and where to go for further information. This book covers a wide range of subjects focused on the UK including building legislation and the Localism Bill, negligence, liability, planning policy and development, listed buildings, party wall legislation and rights of light. Illustrated with clear diagrams and featuring key cases, this pocket book is an invaluable source of practical information and a comprehensive guide of the current law for architects. The Architect’s Legal Pocket Book is written in a format that has already proved hugely popular throughout the construction industry and is a book no architect should be without. |
| 650 #0 - SUBJECT ADDED ENTRY--TOPICAL TERM |
| Topical term or geographic name entry element |
Architects--Legal status, laws, etc |
| 9 (RLIN) |
7707 |
| 650 #0 - SUBJECT ADDED ENTRY--TOPICAL TERM |
| Topical term or geographic name entry element |
Architectural contracts |
| 9 (RLIN) |
7708 |
| 650 #0 - SUBJECT ADDED ENTRY--TOPICAL TERM |
| Topical term or geographic name entry element |
Building laws |
| 9 (RLIN) |
7709 |
| 650 #0 - SUBJECT ADDED ENTRY--TOPICAL TERM |
| Topical term or geographic name entry element |
England |
| 9 (RLIN) |
7710 |
| 650 #0 - SUBJECT ADDED ENTRY--TOPICAL TERM |
| Topical term or geographic name entry element |
Great Britain |
| 9 (RLIN) |
7711 |
| 650 #0 - SUBJECT ADDED ENTRY--TOPICAL TERM |
| Topical term or geographic name entry element |
Wales |
| 9 (RLIN) |
7712 |
| 856 40 - ELECTRONIC LOCATION AND ACCESS |
| Materials specified |
Amazon.com |
| Uniform Resource Identifier |
<a href="http://www.amazon.com/exec/obidos/ASIN/0080966039/chopaconline-20">http://www.amazon.com/exec/obidos/ASIN/0080966039/chopaconline-20</a> |
| 942 ## - ADDED ENTRY ELEMENTS (KOHA) |
| Source of classification or shelving scheme |
|
| Koha item type |
Book |